Индустриализация как главный драйвер трансформации инженерного образования. Инженерное образование: курс на новую индустриализацию; Инженерное образование; № 10, внеочередной

書誌詳細
Parent link:Инженерное образование: электронный научный журнал/ Ассоциация инженерного образования России (АИОР).— : [Б. и.], 2003-.— 1810-2883
№ 10, внеочередной.— 2012.— [С. 66-75]
第一著者: Чубик П. С. Петр Савельевич
その他の著者: Чубик М. П. Максим Петрович
要約:Заглавие с титульного листа
В статье рассматриваются ключевые механизмы модернизации отечественной системы подготовки инженерных кадров в контексте заявленного Правительством России курса на новую индустриализацию и основных тенденций развития современного отечественного и мирового инженерного образования.
The article deals with key mechanisms of native engineering training system modernization in the context of new industrialization course declared by the Russian Government and main tendencies of modern native and world engineering education development.
言語:ロシア語
出版事項: 2012
シリーズ:Национальная доктрина инженерного образования: стратегия и тактика
主題:
オンライン・アクセス:https://old.aeer.ru/files/io/m10/art_8.pdf
フォーマット: 電子媒体 図書の章
KOHA link:https://koha.lib.tpu.ru/cgi-bin/koha/opac-detail.pl?biblionumber=515999

MARC

LEADER 00000naa2a2200000 4500
001 515999
005 20250520152632.0
035 |a (RuTPU)RU\TPU\prd\193118 
035 |a RU\TPU\prd\193115 
090 |a 515999 
100 |a 20130730d2012 k y0rusy50 ca 
101 0 |a rus 
102 |a RU 
135 |a drnn ---uucaa 
181 0 |a i  
182 0 |a b 
200 1 |a Индустриализация как главный драйвер трансформации инженерного образования. Инженерное образование: курс на новую индустриализацию  |b Электронный ресурс  |f П. С. Чубик, М. П. Чубик 
203 |a Текст  |c электронный 
215 |a 1 файл (159 Кб) 
225 1 |a Национальная доктрина инженерного образования: стратегия и тактика 
230 |a Электронные текстовые данные (1 файл : 159 Кб) 
300 |a Заглавие с титульного листа 
320 |a [Библиогр.: с. 75 (15 назв.)] 
330 |a В статье рассматриваются ключевые механизмы модернизации отечественной системы подготовки инженерных кадров в контексте заявленного Правительством России курса на новую индустриализацию и основных тенденций развития современного отечественного и мирового инженерного образования. 
330 |a The article deals with key mechanisms of native engineering training system modernization in the context of new industrialization course declared by the Russian Government and main tendencies of modern native and world engineering education development. 
337 |a Adobe Reader 
461 1 |0 (RuTPU)RU\TPU\prd\176632  |x 1810-2883  |t Инженерное образование  |o электронный научный журнал  |f Ассоциация инженерного образования России (АИОР)  |n [Б. и.]  |d 2003- 
463 1 |0 (RuTPU)RU\TPU\prd\193084  |t № 10, внеочередной  |v [С. 66-75]  |d 2012 
610 1 |a высшее профессиональное образование 
610 1 |a инженерное образование 
610 1 |a инженерные кадры 
610 1 |a инженеры 
610 1 |a специалисты 
610 1 |a подготовка 
610 1 |a компетенции 
610 1 |a новая индустриализация 
610 1 |a модернизация 
610 1 |a высшие школы 
610 1 |a глобализация 
610 1 |a трансдисциплинарные университеты 
610 1 |a труды учёных ТПУ 
610 1 |a электронный ресурс 
675 |a 378.662:330.342.23  |v 3 
700 1 |a Чубик  |b П. С.  |c российский геолог  |c профессор, ректор Томского политехнического университета (с 2008 г.)  |f 1954-  |g Петр Савельевич  |2 stltpush  |3 (RuTPU)RU\TPU\pers\24546 
701 1 |a Чубик  |b М. П.  |c эколог  |c доцент Томского политехнического университета, кандидат медицинских наук  |f 1975-  |g Максим Петрович  |2 stltpush  |3 (RuTPU)RU\TPU\pers\30201 
801 1 |a RU  |b 63413507  |c 20090623  |g PSBO 
801 2 |a RU  |b 63413507  |c 20130730  |g PSBO 
856 4 |u https://old.aeer.ru/files/io/m10/art_8.pdf 
942 |c BK